000 00640nam a22002417a 4500
003 UA-OsUOA
001 135994
007 ta
008 20190228b un ||||| |||| 00| 0 ukr d
100 _aКувалек Р.
090 _a94:341.481(=411.16)
_bК88
942 _cBK
040 _aUA-OsUOA
_bukr
_cUA-OsUOA
_dUA-OsUOA
245 _aТабір смерті у Белжеці
300 _a304 с.
955 _a1
041 _aukr
080 _a94:341.481(=411.16)
020 _a978-966-136-594-9
260 _aК.
_bУЦВІГ
_c2018
650 7 _a9 Географія. Біографії. Історія
_2UDC
999 _c409710
_d409710